000 00701nam a2200241Ia 4500
003 OSt
005 20220925230501.0
006 a|||||r|||| 00| 0
007 ta
008 220923b |||||||| |||| 00| 0 eng d
037 _cGeneral Book
040 _aRTL
_cRTL
_beng
041 _2eng
_aeng
082 _aY9(T), L0
100 _aLambert Royston
_9107314
245 0 _aManual to the sociology of the school
260 _aLondon
_bWeidenfeld and Nicoloson
_c1970
300 _a348p
_ccm.
500 _aBibliography: P 331-46 and at the end of each chapter
650 _aSociology of Education
942 _hY9(T), L0
_cGB
_2CC
999 _c585674
_d585674